000
00346nam a2200157Ia 4500
003
OSt
005
20240329105728.0
008
170524s9999 xx 000 0 und d
020
_a
978-0071254274
040
_c
iimtu meerut
100
_a
LEWICKI- RJ
100
_c
2006
245
0
_a
NEGOTIATION
260
_a
TATA MC GRAW HILL
942
_2
ddc
_c
02
999
_c
2210
_d
2210